000 00402nam a2200157Ia 4500
008 180921t2016 xxu||||| |||| 00| 0 eng d
041 _aeng
080 _a339
_bKAM
100 _aKamardeen,Naazima
245 _aGolbal Trade And Sri Lanka Which Way Forward
260 _bStamford
_aPannipitiya
_c2016
300 _b132p, 21cm
942 _cBK
999 _c2860
_d2860
003 LK-CoDNM
040 _aLK-CoDNM
_dLK-CoDNM
_eLK-CoDNM